Statistics for Roblox Apocalypse Rising 2 Items and Vehicles

Click here to take the quiz!

General Stats

  • This quiz has been taken 41 times
  • The average score is 42 of 217

Answer Stats

HintAnswer% Correct
WeaponryM16A1
79%
WeaponryM16A2
74%
Weaponry“Stunted” AK47
68%
WeaponryM60
63%
MeleeNCO Katana
58%
Weaponry“Admiral’s” M9
53%
WeaponryAK-74
53%
Weaponry“Filtered” AKS-74U
53%
WeaponryM14
53%
WeaponryM249 SAW
53%
WeaponryM9
53%
Weaponry“Operator” XM177
53%
Weaponry“Spetsnez” AKS-74U
53%
Weaponry“Sweeper” Desert Eagle
53%
WeaponryXM177
53%
WeaponryAUG
47%
MeleeCombat Knife
47%
WeaponryM1919A6
47%
WeaponryPKM
47%
Weaponry“Boomstick” Coach Gun
42%
WeaponryL96A1
42%
WeaponryM1911
42%
WeaponryPSG-1
42%
Weaponry“Rogue” UZI
42%
Weaponry“Silent Partner” M1911
42%
WeaponryUZI
42%
WeaponryCoach Gun
37%
WeaponryFAL
37%
WeaponryMaverick 88
37%
WeaponryMP5
37%
VehiclesPolice Car
37%
Weaponry“Snake’s” MAC-10
37%
WeaponryAKM
32%
VehiclesArmy Pickup
32%
WeaponryAuto-5
32%
Weaponry“Avromat” Makarov
32%
AttachmentsCQR Sight
32%
VehiclesFire Truck
32%
WeaponryG3
32%
MeleeHatchet
32%
AttachmentsHolographic Sight
32%
VehiclesHumvee
32%
AttachmentsKobra Sight
32%
WeaponryM1918A2 BAR
32%
AttachmentsMilitary Suppressor
32%
WeaponryMini-14
32%
AttachmentsOCR Sight
32%
Attachments“Operator” Suppressor
32%
VehiclesSedan
32%
MeleeShiv
32%
WeaponrySPAS-12
32%
Attachments“Spetsnez” Suppressor
32%
ConsumablesWater Bottle
32%
VehiclesAmbulance
26%
MeleeChef Knife
26%
MeleeCrowbar
26%
VehiclesCUV
26%
BackpacksDuffel Bag
26%
MeleeFire Axe
26%
WeaponryM1 Garand
26%
ConsumablesMilitary Ration
26%
WeaponryModel 459
26%
WeaponryMP40
26%
WeaponryMP5K
26%
Weaponry“Obrez” Mosin
26%
WeaponryP38
26%
AttachmentsPelican Scope
26%
WeaponryPython
26%
AttachmentsReflex Sight
26%
AttachmentsRifle Scope
26%
BackpacksRucksack
26%
AttachmentsShort Foregrip
26%
WeaponrySnubnose Revolver
26%
AttachmentsStandard Suppressor
26%
Attachments“Admiral’s” Green Laser Sight
21%
VehiclesArmy Truck
21%
MeleeBaton
21%
Weaponry“Bootleg” Type 37
21%
ConsumablesCanned Salmon
21%
ConsumablesCanned Tuna
21%
MeleeEntrenchment Shovel
21%
AttachmentsFolding Foregrip
21%
WeaponryHi-Power
21%
Weaponry“Jeremiah’s” Winchester 1984
21%
AttachmentsLaser Sight
21%
WeaponryLupara
21%
VehiclesLuxury Sedan
21%
WeaponryM1903 Springfield
21%
WeaponryM3A1
21%
WeaponryMAC-10
21%
BackpacksMilitary Duffel
21%
WeaponryModel 29
21%
WeaponryModel 788
21%
VehiclesMuscle Car
21%
MeleeOfficer’s Sword
21%
ConsumablesOrange
21%
AttachmentsPrism Sight
21%
WeaponrySKS
21%
ConsumablesSoda
21%
AttachmentsSpecial Forces Suppressor
21%
AttachmentsStraight Foregrip
21%
Melee“Stranded” PC Keyboard
21%
WeaponryAC-556
16%
VehiclesATV
16%
ConsumablesBruised Apple
16%
VehiclesFishing Boat
16%
ConsumablesHealth Booster
16%
MedkitsLarge Medkit
16%
WeaponryM1 Thompson
16%
WeaponryMaverick 88 Tactical
16%
ConsumablesMilitary Health Booster
16%
ConsumablesMilitary Stamina Booster
16%
WeaponryModel 788 Carbine
16%
VehiclesPickup Truck
16%
MeleePocket Kmife
16%
BackpacksSchoolbag
16%
MedkitsSmall Medkit
16%
VehiclesSpeed Boat
16%
ConsumablesSpoiled Milk
16%
ConsumablesStamina Booster
16%
VehiclesStation Wagon
16%
WeaponryTec-9s
16%
ConsumablesAbomination Heart
11%
VehiclesAluminum Boat
11%
VehiclesArmored Truck
11%
ComponentsBody Repair Kit
11%
BackpacksBriefcase
11%
Weaponry“Broadside” Lupara Shotgun
11%
WeaponryCamp Carbine
11%
ConsumablesCanned Beans
11%
ConsumablesCanned Soup
11%
VehiclesCargo Van
11%
ConsumablesChocolate Milk Gallon
11%
WeaponryDesert Eagle 44
11%
BackpacksDrawstring Bag
11%
ConsumablesEnergy Drink
11%
BackpacksHeavy Rucksack
11%
VehiclesJeep
11%
BackpacksKnapsack
11%
BackpacksLarge Schoolbag
11%
VehiclesLife Boat
11%
MedkitsMilitary Medkit
11%
ConsumablesMilk Gallon
11%
WeaponryMosin PU Sniper
11%
AttachmentsOil Filter Suppressor
11%
ConsumablesOrange Juice
11%
Weaponry“Patriot” Assault Carbine
11%
VehiclesPatrol Boat
11%
VehiclesRubber Dinghy
11%
Weaponry“Santa’s Pig” Machine Gun
11%
VehiclesSemi Truck
11%
VehiclesTractor
11%
VehiclesUtility Truck
11%
Weaponry“Vagrant” Lupara Shotgun
11%
ConsumablesBeef Jerky
5%
UtilitiesBinoculars
5%
ConsumablesBruised Banana
5%
ConsumablesCake
5%
ConsumablesCanned Ham
5%
ConsumablesCanned Whole Chicken
5%
ConsumablesChips
5%
BackpacksDaypack
5%
ComponentsEngine Repair Kit
5%
UtilitiesFlashlight
5%
ComponentsFuel Tank Repair Kit
5%
BackpacksGarbage Bag
5%
ComponentsGlass Repair Kit
5%
BackpacksHardshell Suitcase
5%
VehiclesHatchback
5%
UtilitiesMilitary Flashlight
5%
BackpacksMilitary Parachute Bag
5%
BackpacksMilitary Seabag
5%
ConsumablesMoldy Bread
5%
ConsumablesOrange Juice Carton
5%
ConsumablesRaw Onion
5%
ConsumablesSalty Crackers
5%
Consumables“Scurvy” Energy Tonic
5%
BackpacksSoftshell Suitcase
5%
ComponentsTire Repair Kit
5%
BackpacksVintage Duffel
5%
ConsumablesCanned Corn Beef
0%
ConsumablesChocolate Bar
0%
BackpacksCollege Pack
0%
BackpacksCommercial Parachure Bag
0%
ConsumablesEggnog
0%
BackpacksGuide Pack
0%
BackpacksGuitar Case
0%
BackpacksHeavy Special Forces Bag
0%
BackpacksHeavy Survey Bag
0%
BackpacksHiking Pack
0%
UtilitiesLantern
0%
ComponentsLarge Gas Can
0%
WeaponryM14 Marksman Rifle
0%
ConsumablesMayonnaise Jar
0%
BackpacksMilitary Backpack
0%
UtilitiesMilitary Rangefinder
0%
ConsumablesMysterious Goop
0%
ConsumablesOld Steak
0%
ConsumablesPeanut Butter
0%
ComponentsQuality Engine Repair Kit
0%
ComponentsQuality Fuel Tank Repair Kit
0%
ComponentsQuality Repair Kit
0%
ConsumablesRaspberry Bubblegum
0%
BackpacksRifle Bag
0%
ConsumablesRotten Carrots
0%
ConsumablesRotten Vegetables
0%
ComponentsSmall Gas Can
0%
BackpacksSpecial Forces Bag
0%
ConsumablesSports Drink
0%
ConsumablesSugar Cookie
0%
UtilitiesSurvival Flashlight
0%
VehiclesSwing Keel Boat
0%
BackpacksVintage Army Bag
0%
BackpacksVintage Radio Pack
0%
BackpacksVintage Soviet Pack
0%
BackpacksWeaved Basket Pack
0%
WeaponryWinchester 1894 Rifle
0%

Score Distribution

Percentile by Number Answered

Percent of People with Each Score

Your Score History

You have not taken this quiz